000 00441nam a2200169Ia 4500
005 20250429155823.0
008 231217s9999 xx 000 0 und d
020 _a9781558515697
082 _a005.133 JOH;1 R
100 _aJohnson, Eric Foster.
245 0 _aGraphical applications with TCL and TK
250 _a2nd ed.
260 _c1997
_bM & T Books
_aNew York
300 _axxix+802
650 _aGraphical,TCL,TK
942 _cAA
999 _c182726
_d182726